Sanat - "Painava sydän" - Mirella - Statistics

Yleistilastot
  • Tätä visaa on pelattu 46 kertaa
  • Keskiarvotulos 120 / 199
Vastaustilastot
Vastaus % Oikein
painava
94%
94%
94%
sydän
94%
on
88%
ku
85%
Mul
82%
mul
82%
kun
79%
mun
76%
ja
73%
sattuu
73%
siihen
73%
kosketat
70%
se
67%
tää
67%
64%
miten
64%
ne
64%
Jos
61%
jos
61%
kertoa
61%
sen
61%
en
58%
kuin
58%
mut
55%
oot
55%
sun
55%
ei
52%
kylän
52%
niin
52%
sulle
52%
tähtösii
52%
kallio
48%
koti
48%
pienen
48%
selittää
48%
enää
45%
nää
45%
uskonto
45%
vaan
45%
voi
45%
kantais
42%
miks
42%
mitä
42%
ois
42%
syli
42%
huominen
39%
jää
39%
korjaa
39%
koskaan
39%
loppuu
39%
onnellist
39%
pitkin
39%
poskii
39%
pyyhit
39%
Sanot
39%
tän
39%
vaikee
39%
vois
39%
hengittää
36%
joit
36%
keskellä
36%
lähellä
36%
majakka
36%
sua
36%
valumast
36%
aika
33%
enhän
33%
haavat
33%
kevene
33%
korjaisin
33%
myrskyjen
33%
supervoimii
33%
ajassa
30%
etsisin
30%
joku
30%
kunpa
30%
näyttää
30%
oottamaan
30%
osaisin
30%
palaisin
30%
sut
30%
taakse
30%
hiljaisiks
27%
kaikist
27%
käsiin
27%
pyytää
27%
vihjeiks
27%
voisko
27%
Ehk
24%
Ehtoja vastaavia visoja ei löytynyt
Tulosjakauma
Jokaisen tuloksen saaneiden osuus
Persentiili vastausten määrän mukaan
Tuloshistoriasi
Et ole pelannut tätä visaa